000 00652nam a22001937a 4500
003 koha_MIRAKIL
005 20241014132410.0
008 231213b |||||||| |||| 00| 0 ||| d
020 _a9786052953914
040 _aTR-IsEVY
_btur
_cTR-IsEVY
082 _aFIC SCH/M
100 _aSchneider, Liane.
245 0 _aMinik Elif anaokuluna başlıyor /
_cLiane Schneider ; resimleyen Eva Wenzel-Bürger.
260 _bTürkiye İş Bankası Kültür Yayınları,
_c2018.
_aİstanbul :
300 _a[23] s. :
_brenkli resimli ;
_c22 cm.
490 0 _aİlk Okuma Kitabım.
650 _aÇocuk edebiyatı.
_vResimli Kitaplar.
_vAnaokulu.
942 _2ddc
_cBK
999 _c20760
_d20760